Reflexiones sobre los desafíos actuales del sindicalismo : (Registro nro. 7861)

Detalles MARC
000 -LEADER
fixed length control field 01365nam a2200253Ia 4500
003 - CONTROL NUMBER IDENTIFIER
control field OSt
005 - DATE AND TIME OF LATEST TRANSACTION
control field 20210505183711.0
008 - FIXED-LENGTH DATA ELEMENTS--GENERAL INFORMATION
fixed length control field 210310s1992 ck gr 000 0 spa d
020 ## - INTERNATIONAL STANDARD BOOK NUMBER
International Standard Book Number 958927207
040 ## - CATALOGING SOURCE
Original cataloging agency CO-JMCR
Transcribing agency CO-JMCR
041 0# - LANGUAGE CODE
Language code of text/sound track or separate title spa
082 04 - DEWEY DECIMAL CLASSIFICATION NUMBER
Classification number 331.88098 /
Item number G585r
Edition number 23
100 1# - MAIN ENTRY--PERSONAL NAME
Personal name Godio, Julio,
9 (RLIN) 15656
Relator term autor
245 10 - TITLE STATEMENT
Title Reflexiones sobre los desafíos actuales del sindicalismo :
Remainder of title aportes al debate sobre política sindical /
Statement of responsibility, etc. Julio Godio
250 ## - EDITION STATEMENT
Edition statement Segunda edición
260 ## - PUBLICATION, DISTRIBUTION, ETC.
Place of publication, distribution, etc. Bogotá :
Name of publisher, distributor, etc. FESCOL,
Date of publication, distribution, etc. 1992
300 ## - PHYSICAL DESCRIPTION
Extent 72 páginas ;
Dimensions 21 cm.
500 ## - GENERAL NOTE
General note Incluye datos biográficos del autor
505 0# - FORMATTED CONTENTS NOTE
Formatted contents note El mundo ha cambiado sustancialmente: percepción del sindicalismo Latinoamericano -- Sindicatos y reconversión productiva: un indicador testigo para valorar la profundidad del cambio sindical -- Desafíos y obstáculos en su conjunto: los esfuerzos por renovar las plataformas y el estilo de acción sindical -- El obstáculo principal a la renovación es interno a los sindicatos: culturas corporativo -empiristas y teoría de la correa de transmisión partidaria -- La modernización de las estructuras sindicales: objetivos fundamentales -- Conclusiones para el debate
650 14 - SUBJECT ADDED ENTRY--TOPICAL TERM
Topical term or geographic name entry element Sindicatos
9 (RLIN) 15658
650 14 - SUBJECT ADDED ENTRY--TOPICAL TERM
Topical term or geographic name entry element Sindicalistas
9 (RLIN) 37442
651 #2 - SUBJECT ADDED ENTRY--GEOGRAPHIC NAME
Geographic name América Latina
General subdivision Movimiento laboral
9 (RLIN) 37443
942 ## - ADDED ENTRY ELEMENTS (KOHA)
Source of classification or shelving scheme Dewey Decimal Classification
Koha item type Books
Existencias
Withdrawn status Lost status Source of classification or shelving scheme Damaged status Not for loan Collection code Home library Current library Date acquired Source of acquisition Full call number Barcode Date last seen Copy number Koha item type
    Dewey Decimal Classification     Non-fiction Biblioteca Pública José María del Castillo y Rada Biblioteca Pública José María del Castillo y Rada 04/15/2018 Donación 331.88098 / G585r 430003782 05/16/2024 Ej.1 Books